000
00348 a2200169 4500
001
183191
020
_a
85-11-05008-6
040
_c
Magnum
100
_a
César, Ana Cristina
240
1
0
_a
A teus pés
_l
por
245
1
0
_a
A teus pés
300
_a
119
362
0
_a
1992
440
1
_a
Brasiliense
697
_a
LITERATURA GERAL
942
_c
BK
999
_c
183191
_d
183191